Number : the language of science /

Saved in:
Bibliographic Details
Main Author: Dantzig, Tobias, 1884-1956
Format: Book
Language:English
Published: London : Allen and Unwin, 1939.
Edition:2nd rev. and enlg. English ed.
Subjects:
LEADER 01070cam a2200277 a 4500
001 c000382514
003 CARM
005 20111025123926.0
008 111025s1939 enkacf 001 0 eng d
019 1 |a 4139793  |5 LACONCORD2021 
035 |a (OCoLC)225957361  |5 LACONCORD2021 
040 |a QSL  |b eng 
082 0 4 |a 510.1 
100 1 |a Dantzig, Tobias,  |d 1884-1956. 
245 1 0 |a Number :  |b the language of science /  |c by Tobias Dantzig. 
250 |a 2nd rev. and enlg. English ed. 
260 |a London :  |b Allen and Unwin,  |c 1939. 
300 |a viii, 320 p., [11] l. of plates :  |b ill., ports., tables ;  |c 21 cm. 
500 |a Called 2nd rev. and enlg. English ed., based on the 3rd American ed. 1940. 
504 |a Index. 
650 0 |a Number concept. 
852 8 |b CARM  |p 0577135  |f BK 
852 8 |b SCAN  |h A3:AF12B0  |i B11873  |p 0577135  |f BK 
999 f f |i 62c0aefe-6187-5829-9661-9e46107203e5  |s ce0b02d0-8545-5adc-b747-8c937de33184 
952 f f |p Can circulate  |a CAVAL  |b CAVAL  |c CAVAL  |d CARM 1 Store  |i book  |m 0577135 
952 f f |a CAVAL  |b CAVAL  |c CAVAL  |d Unmapped Location  |e B11873  |f A3:AF12B0  |h Other scheme